[Event "IIFL Wealth 4th Mumbai GM"]
[Site "Mumbai"]
[Date "2018.12.30"]
[Round "1"]
[White "Safranska, Anda"]
[Black "Ankit, R. Rajpara"]
[Result "1/2-1/2"]
[WhiteElo "2189"]
[BlackElo "2465"]
[Annotator "TA"]
[PlyCount "116"]
[EventDate "2018.12.30"]
[EventType "swiss"]
[EventCountry "IND"]
[SourceTitle "playchess.com"]
[Source "ChessBase"]
[SourceQuality "1"]

{[%evp 17,116,12,23,0,0,0,22,-13,0,-27,-30,-45,-43,-56,-42,-55,-25,-37,0,0,4,0,10,-2,14,-22,-8,-38,-22,-18,-1,-18,-21,-22,-15,-12,0,-8,0,-17,-18,-22,-4,-31,-20,-24,-16,-30,-10,-10,-10,-10,-10,-16,-10,-16,-10,-14,-12,-14,-14,-60,-6,-33,-34,-44,-16,-12,-9,-18,0,-39,-30,-105,-103,-92,-95,-168,-156,-159,-99,-96,0,0,0,-26,0,0,0,0,0,0,0,0,0,0,0,0,0,0,0]} 1. g3 d5 2. Bg2 c6 3. Nf3 Nf6 4. O-O Bg4 5. d3 Nbd7 6. Qe1 e5 7. e4 dxe4 8. dxe4 Bc5 9. h3 {A07: Réti Opening: New York and Capablanca Systems} (9. Nbd2 O-O 10. h3 Bh5 11. a4 Qc7 12. Nb3 Be7 13. Nh4 Rfe8 14. Be3 Bf8 15. g4 Bg6 16. Nf5 a5 17. Qe2 Nb6 18. Ng3 Nfd7 {1-0 (59) Svidler,P (2759)-Bok,B (2613) Biel 2016}) 9... Be6 {LiveBook: 3 Games} 10. Nbd2 h6 11. Qe2 O-O 12. Kh2 $146 ({Predecessor:} 12. Nc4 Qc7 13. Nh4 Rfe8 14. Nf5 Kh7 15. Nce3 {1-0 (67) Turner,J (2313)-Sodoma,J (2359) Klatovy 2010}) 12... Re8 13. Nc4 Qc7 14. Nh4 b5 15. Ne3 Bf8 16. b3 g6 17. Ng4 Kh7 18. Nxf6+ Nxf6 19. Bb2 {next f4 is good for White.} Bg7 20. a4 a6 21. Kh1 Nd7 22. Nf3 Nb6 23. axb5 axb5 24. Rxa8 (24. Rfd1 {with more complications.} b4 25. Ne1 c5 26. Nd3 Red8 27. Qe3) 24... Rxa8 25. Ra1 Rxa1+ 26. Bxa1 Nd7 27. Bc3 Bf8 28. Nh2 Bc5 29. Nf1 Qa7 30. Be1 Qa1 31. Kh2 Bd4 32. Ne3 Bc3 33. Bxc3 Qxc3 34. h4 h5 35. Kg1 Nc5 36. Kh2 Qd4 37. f3 Kg7 38. Nd1 b4 39. Bf1 {[#]} f5 (39... Nxe4 $1 $15 {[%mdl 512]} 40. Qxe4 Qxd1 41. Qxe5+ Kh7) 40. exf5 gxf5 41. Kg2 $1 f4 42. gxf4 exf4 43. Nf2 Qf6 44. Kg1 Bd5 45. Nh3 (45. Bh3 $11) 45... Ne6 $17 46. Qg2+ Kf8 47. Ng5 {[#]} (47. Qf2 $17) 47... Nxg5 $1 $19 48. hxg5 {[#]} Qd4+ (48... Qe5 $142 $1 {[%cal Re5e3] aiming for ...Qe3+.} 49. Kh2 Qe1) 49. Kh2 $17 Qe3 (49... Kg7 $17 {Strongly threatening ...Qd1.} 50. Qe2 Kf7) 50. Qh3 $1 $11 Qxf3 {[%csl Gd5][%cal Rf3h1]} 51. Qf5+ Ke8 {[%csl Gd5][%cal Rf3h1]} (51... Bf7 $5 {[%cal Rf3f1]} 52. Bg2 Qg3+ 53. Kh1 Kg8 $17) 52. Qe5+ {The position is equal.} Kf8 {[%csl Gd5][%cal Rf3h1]} 53. Qf6+ Bf7 54. Qd8+ Kg7 55. Qf6+ Kg8 56. Qd8+ Kg7 {( -> ...Qg3+)} 57. Qf6+ Kf8 58. Qd8+ Kg7 {Accuracy: White = 49%, Black = 43%.} 1/2-1/2

[Event "IIFL Wealth 4th Mumbai GM"]
[Site "Mumbai"]
[Date "2018.12.30"]
[Round "1"]
[White "Patil, Pratik"]
[Black "Sundararajan, Kidambi"]
[Result "0-1"]
[WhiteElo "2178"]
[BlackElo "2458"]
[Annotator "ChessBase"]
[PlyCount "50"]
[EventDate "2018.12.30"]
[EventType "swiss"]
[EventCountry "IND"]
[SourceTitle "playchess.com"]
[Source "ChessBase"]
[SourceQuality "1"]
[TimeControl "40/5400+30:1800+30"]

1. e4 {[%emt 0:00:00]} e5 {[%emt 0:00:00]} 2. Nf3 {[%emt 0:00:00]} d6 {[%emt 0:00:01]} 3. Bc4 {[%emt 0:00:14]} Nf6 {[%emt 0:02:03]} 4. Ng5 {[%emt 0:17:56]} d5 {[%emt 0:00:41]} 5. exd5 {[%emt 0:00:12]} h6 {[%emt 0:01:43]} 6. Nf3 {[%emt 0:00:05]} e4 {[%emt 0:02:53]} 7. Qe2 {[%emt 0:00:36]} Bd6 {[%emt 0:06:59]} 8. d3 {[%emt 0:04:00]} O-O {[%emt 0:03:29]} 9. dxe4 {[%emt 0:00:13]} Nxe4 {[%emt 0:00:15]} 10. O-O {[%emt 0:03:24]} Re8 {[%emt 0:01:06]} 11. Re1 {[%emt 0:11:30]} Bg4 {[%emt 0:04:00]} 12. Qd3 {[%emt 0:07:06]} f5 {[%emt 0:08:45]} 13. Nc3 {[%emt 0:10:28]} Nd7 {[%emt 0:04:44]} 14. Nxe4 {[%emt 0:09:10]} Rxe4 {[%emt 0:04:11]} 15. Rxe4 {[%emt 0:09:26]} Nc5 {[%emt 0:00:43]} 16. Re8+ {[%emt 0:17:51]} Qxe8 {[%emt 0:00:12]} 17. Qe3 {[%emt 0:00:01]} Qh5 {[%emt 0:04:48]} 18. h3 {[%emt 0:00:48]} Re8 {[%emt 0:04:21]} 19. hxg4 {[%emt 0:01:02]} fxg4 {[%emt 0:00:09]} 20. Ne5 {[%emt 0:01:19]} Rxe5 {[%emt 0:00:44]} 21. Qc3 {[%emt 0:00:10]} Ne4 {[%emt 0:08:30]} 22. Qd3 {[%emt 0:02:28]} Nxf2 {[%emt 0:04:24]} 23. Kxf2 {[%emt 0:00:16]} g3+ {[%emt 0:01:57]} 24. Qxg3 {[%emt 0:00:05]} Rf5+ {[%emt 0:03:42]} 25. Qf3 {[%emt 0:00:14]} Rxf3+ {[%emt 0:00:25]} 0-1

[Event "IIFL Wealth 4th Mumbai GM"]
[Site "Mumbai"]
[Date "2018.12.30"]
[Round "1"]
[White "Varshini, V."]
[Black "Das, Sayantan"]
[Result "1-0"]
[WhiteElo "2171"]
[BlackElo "2453"]
[Annotator "TA"]
[PlyCount "137"]
[EventDate "2018.12.30"]
[EventType "swiss"]
[EventCountry "IND"]
[SourceTitle "playchess.com"]
[Source "ChessBase"]
[SourceQuality "1"]

{[%evp 32,137,48,28,32,2,60,69,61,56,68,83,76,75,94,90,120,73,82,47,93,-48,65,62,79,83,87,41,296,299,279,0,454,202,194,194,187,156,156,94,300,277,310,303,414,262,248,222,225,230,405,218,233,228,261,140,218,207,226,229,243,244,270,253,327,330,343,327,510,497,956,915,1481,1468,1199,672,615,604,562,563,511,447,791,786,717,683,1117,1115,1406,1403,1377,1359,1220,1239,1130,1065,29972,29973,29976,29973,29972,29973,29977,29980,29972,29974,29986,29987]} 1. e4 c5 2. Nf3 e6 3. d4 cxd4 4. Nxd4 a6 5. Nc3 Qc7 6. Be2 Nf6 7. O-O Nc6 8. Be3 Be7 9. Kh1 O-O 10. f4 d6 11. a4 Bd7 12. Nb3 b6 13. Bf3 Rab8 14. g4 Bc8 15. g5 Nd7 16. Bg2 Re8 17. Rf3 {LiveBook: 14 Games. B85: Sicilian Scheveningen: 6 Be2 a6, lines with early Be3} g6 {[#]} 18. h4 $146 {[%cal Bh2h4,Bh4h5][%mdl 32]} ({Predecessor:} 18. Rh3 Bf8 19. Qe1 Bg7 20. Qh4 Nf8 21. f5 Bxc3 22. f6 h5 23. bxc3 e5 24. Rg3 Nd8 {1-0 (32) Vachier Lagrave,M (2758)-Movsesian,S (2658) Berlin 2015}) 18... Nb4 (18... h5 $11) 19. h5 $14 {White is slightly better.} Bf8 20. Qd2 Bb7 21. Rh3 Nc5 22. Rf1 Rbd8 23. hxg6 fxg6 24. Nd4 e5 25. Nde2 Qd7 26. Ng3 (26. f5 $16) 26... d5 (26... exf4 $15 27. Rxf4 d5 28. exd5 Nxd5 29. Nxd5 Bxd5 30. Bxd5+ Qxd5+ 31. Qxd5+ Rxd5 32. Bxc5 Bxc5) 27. Bxc5 Bxc5 28. exd5 {Black must now prevent Nge4.} Rf8 {[%cal Rb4d5]} 29. fxe5 {Rxf8+ is the strong threat.} Rxf1+ $4 {[%mdl 8192]} ({Black should try} 29... Nxd5 $14 30. Rxf8+ Kxf8) 30. Nxf1 $18 Qf5 {[#]} 31. Ne4 $2 (31. Ne3 $1 $18 {[%cal Re3f5]} Bxe3 32. Rxe3) 31... Be7 $2 {[%mdl 8192]} (31... Bxd5 $11 {and Black has nothing to worry.} 32. Nf6+ Kf8 33. Nxd5 Rxd5) 32. Nfg3 (32. Ne3 $142 Qf4 33. Nf6+ Bxf6 34. gxf6 Bxd5 35. Bxd5+ Rxd5 36. Qg2 Qxe5 37. c3) 32... Qxe5 {[#]} 33. Nf6+ $1 {[%mdl 512]} Bxf6 34. gxf6 {Hoping for f7+!} Nxd5 {[#]} 35. f7+ (35. c4 $142 $1) 35... Kh8 $2 (35... Kg7 $16 {was necessary.}) 36. c4 Qf4 37. Qd3 {[%mdl 64] Pin} Bc8 38. Ne2 ({Don't take} 38. cxd5 Qxf7 39. Qd4+ Kg8 $18) 38... Qxf7 39. Rf3 ({Less strong is} 39. cxd5 Bxh3 40. Qxh3 Re8 $11) 39... Bf5 40. Qd4+ {[%mdl 64] Pin} Kg8 $2 (40... Qf6) 41. cxd5 (41. Rf2 $142) 41... Rxd5 42. Qxb6 Qe7 43. Qf2 ({Don't play} 43. Qxa6 $6 Bg4 $16) (43. Ng3 $18) 43... Re5 (43... Be4 $16 {was called for.}) 44. Nf4 Re1+ 45. Kh2 Qe5 46. Qg3 Re4 47. b3 Rd4 48. Bf1 Rd2+ 49. Ng2 Qc5 (49... Qxg3+ {might work better.} 50. Kxg3 Rd6) 50. Bc4+ Kg7 {[#]} (50... Kf8 $142 51. Bxa6 Kg7 52. Rxf5 Rxg2+ 53. Kxg2 Qxf5 54. Qc3+ Kf8) 51. Rxf5 $1 {[%mdl 64] Pin} Rxg2+ (51... Qxf5 52. Qc3+) 52. Kxg2 Qxf5 53. Bxa6 Qc2+ 54. Kf1 Qd1+ 55. Kf2 Qd4+ 56. Kg2 Qd5+ (56... Qd2+ $142 57. Kg1 Qd4+ 58. Qf2 Qg4+ 59. Kh2 Qh5+ 60. Kg2 Qg5+ 61. Qg3 Qd2+ 62. Kg1 Qd4+ 63. Qf2 Qg4+ 64. Kh2 Qh5+ 65. Kg2 Qg5+ 66. Qg3 Qd2+) 57. Qf3 Qg5+ 58. Kf2 Qc5+ 59. Qe3 Qf5+ 60. Kg3 h5 61. Be2 Qf6 62. a5 {[%cal Ba4a5,Ba5a6][%mdl 32]} Qd6+ 63. Kf2 Qf6+ 64. Kg2 {White mates.} Qc6+ 65. Qf3 Qc5 66. a6 h4 67. Bd3 Qg5+ 68. Kh3 Qg1 69. Bxg6 {Accuracy: White = 57%, Black = 31%.} 1-0

[Event "IIFL Wealth 4th Mumbai GM"]
[Site "Mumbai"]
[Date "2018.12.30"]
[Round "1"]
[White "Thrish Karthik"]
[Black "Lugovskoy, Maxim"]
[Result "0-1"]
[WhiteElo "2168"]
[BlackElo "2445"]
[Annotator "NA RC"]
[PlyCount "31"]
[EventDate "2018.12.30"]
[EventType "swiss"]
[EventCountry "IND"]
[SourceTitle "playchess.com"]
[Source "ChessBase"]
[SourceQuality "1"]
[TimeControl "40/5400+30:1800+30"]

1. Nf3 d5 2. c4 e6 3. b3 c5 4. cxd5 exd5 5. Bb2 Nc6 6. g3 d4 7. Bg2 Nf6 8. O-O Be7 9. d3 O-O 10. Nbd2 Re8 11. Nc4 Nd5 12. e4 dxe3 13. fxe3 Nf6 14. d4 cxd4 15. Nxd4 Nxd4 16. Qxd4 0-1

[Event "IIFL Wealth 4th Mumbai GM"]
[Site "Mumbai"]
[Date "2018.12.30"]
[Round "1"]
[White "Harshavardhan G B"]
[Black "Nguyen, Van Huy"]
[Result "1/2-1/2"]
[WhiteElo "2163"]
[BlackElo "2438"]
[Annotator "TA"]
[PlyCount "137"]
[EventDate "2018.12.30"]
[EventType "swiss"]
[EventCountry "IND"]
[SourceTitle "playchess.com"]
[Source "ChessBase"]
[SourceQuality "1"]

{[%evp 21,137,29,29,35,37,29,41,32,50,44,54,27,27,6,19,15,21,29,23,22,28,0,0,0,0,0,16,12,22,3,10,0,12,2,2,4,4,0,0,-8,0,-76,-75,-157,-159,-146,-161,-287,-301,-394,-394,-337,-115,-185,-195,-179,-191,-483,-485,-414,-187,-362,-330,-269,-83,-80,-75,-710,-76,-76,-76,-209,-83,-76,-76,-94,-76,-131,-172,-172,-75,-528,-446,-1224,-1156,-1060,-128,-5525,-5383,-5065,-4667,-4159,-2565,-1616,-1522,-1514,-1446,-1406,-1392,-1359,-1359,-980,0,0,0,0,0,0,0,0,0,0,0,0,0,0,0,0]} 1. d4 Nf6 2. c4 e6 3. Nc3 Bb4 4. Qc2 c5 5. dxc5 O-O 6. Nf3 Na6 7. g3 Nxc5 8. Bg2 b6 9. O-O Bxc3 10. Qxc3 Bb7 11. b3 {E39: Nimzo-Indian: Classical: 4...c5 5 dxc5 0-0} (11. Rd1 Qe7 12. b3 d6 13. Bb2 Rfd8 14. Nd4 Rac8 15. Bxb7 Qxb7 16. Qf3 Qxf3 17. Nxf3 Kf8 18. Ne1 a6 {½-½ (31) Prohaszka,P (2617)-Postny,E (2658) Bol 2015}) 11... Rc8 {LiveBook: 3 Games} 12. Bb2 d5 13. Rfd1 {White is slightly better.} Nce4 $146 ({Predecessor:} 13... Qe7 14. cxd5 Bxd5 15. Rac1 Qb7 16. Qe5 Ncd7 17. Qf4 Rxc1 18. Rxc1 Rc8 19. Rxc8+ Qxc8 {½-½ (50) Sarkar,J (2415)-Allicock,R (2151) New York 2016}) 14. Qe3 Qe7 15. cxd5 Bxd5 16. h3 Rc2 17. Bd4 Qa3 18. Nd2 Rxd2 19. Rxd2 Nxd2 20. Bxf6 gxf6 21. Bxd5 Rd8 $1 22. Qxd2 Rxd5 $11 {[%mdl 4096] Endgame KQR-KQR} 23. Qh6 Qe7 24. Rc1 Qd8 25. Rc3 f5 26. Qf4 Kg7 27. Rc7 a5 28. Rb7 h6 29. e4 Rc5 30. g4 {[%cal Re4f5]} b5 31. Kg2 (31. exf5 $11 exf5 32. Kh2 (32. gxf5 Qg5+ {[%mdl 64] Double Attack} 33. Qg4 Rxf5 $11)) 31... Qa8 $17 32. Rd7 (32. Qb8 $142 Qxb8 33. Rxb8) 32... Qxe4+ 33. Qxe4 fxe4 {[%cal Bf5e4,Be4e3][%mdl 32] KR-KR} 34. Ra7 (34. Rb7 {might work better.}) 34... Rc2 $1 $19 35. Rxa5 e3 $1 {[%cal Re3e2]} 36. Rxb5 f6 $2 ({Not} 36... Rxa2 37. Re5 $15) (36... Rxf2+ $19 37. Kg1 Kf6) 37. Rb6 (37. Kf1 $17) 37... Kf7 $1 {Strongly threatening ...e2.} ({Don't do} 37... Rxf2+ 38. Kg1 $17) 38. Rb7+ Kg6 39. Kf1 $2 (39. Rb6 Rxf2+ 40. Kg3) 39... Rxf2+ 40. Ke1 {[#]} Rxa2 (40... f5 $142 $1 41. Rb6 Kg5) 41. Re7 $2 (41. Rb6 e5 42. b4) 41... e5 42. h4 Ra6 $2 (42... Rd2 $19 {is more deadly.} 43. b4 Rd4 44. h5+ Kg5 45. Rg7+ Kf4) 43. Ke2 $17 Rb6 44. h5+ Kg5 45. Kf3 {Kg3 is the strong threat.} Rxb3 {White must now prevent ...e2+!} 46. Rg7+ Kh4 47. Rg6 Rb4 48. Kxe3 Rf4 49. Ke2 Kg3 50. Ke3 e4 (50... Rf3+ $19 51. Ke2 e4) 51. Rxh6 $2 {[%mdl 8192]} (51. g5 $17 fxg5 52. Rxh6) 51... Kxg4 $19 52. Rh8 (52. Rh7 $142 Kf5 53. Re7) 52... Kf5 53. h6 Rf3+ 54. Ke2 $2 {[%mdl 8192] [#]} (54. Kd2 $17) 54... Kg6 $1 55. Kd1 f5 56. Kd2 Rd3+ 57. Ke2 Rh3 58. Rg8+ Kf7 59. Rh8 Rh4 60. Kf2 Kg6 61. Rg8+ Kxh6 $2 ({Black should play} 61... Kh7 $19 62. Rf8 Rf4+ 63. Ke3 Rf3+ 64. Kd2 Kxh6) 62. Kg3 $11 {The position is equal.} Rh5 {( -> ...Rg5+)} 63. Kf4 Kh7 64. Rg1 Kh8 65. Rg2 Kh7 66. Rg1 $1 Kh6 67. Rg8 $1 {[#]} e3 $1 68. Kxe3 Rg5 69. Rxg5 {Accuracy: White = 52%, Black = 54%.} 1/2-1/2

[Event "IIFL Wealth 4th Mumbai GM"]
[Site "Mumbai"]
[Date "2018.12.30"]
[Round "1"]
[White "Ghelani Dhairya"]
[Black "Laxman, R.R."]
[Result "0-1"]
[WhiteElo "2146"]
[BlackElo "2436"]
[Annotator "TA"]
[PlyCount "76"]
[EventDate "2018.12.30"]
[EventType "swiss"]
[EventCountry "IND"]
[SourceTitle "playchess.com"]
[Source "ChessBase"]
[SourceQuality "1"]

{[%evp 19,76,-10,13,-5,-7,-24,-22,-30,-39,-35,-30,-26,-26,-23,-27,-43,-28,-40,-35,-45,-45,-40,-31,-36,-45,-33,-37,-43,-28,-43,-39,-76,-67,-83,-72,-68,-37,-168,-152,-334,-326,-308,-205,-463,-463,-428,-374,-448,-453,-2472,-768,-673,-638,-29988,-29989,-29992,-29990,-29997,-29998]} 1. d4 Nf6 2. c4 e6 3. Nc3 Bb4 4. e3 d5 5. Nf3 O-O 6. Bd3 b6 7. O-O Bb7 8. cxd5 exd5 9. Qc2 a6 {E52: Nimzo-Indian: Rubinstein: 4...0-0 5 Nf3 d5 6 Bd3 b6} 10. Bd2 (10. a3 Bd6 11. e4 dxe4 12. Nxe4 Nxe4 13. Bxe4 Bxe4 14. Qxe4 Nd7 15. Bg5 Qe8 16. Qf5 Qe6 17. Qxe6 fxe6 {½-½ (53) Kovalenko,I (2636)-Neiksans,A (2586) Riga 2017}) 10... Nbd7 {LiveBook: 12 Games} 11. Ne2 Bd6 {The position is equal.} 12. Ng3 c5 13. Nf5 Bc7 14. dxc5 bxc5 15. Rad1 $146 ({Predecessor:} 15. b3 d4 16. e4 Re8 17. Rfe1 Qb8 18. Ng3 {0-1 (38) Witte,V (1717)-Richters,M (1931) Cologne 2010}) 15... g6 16. Ng3 Re8 17. Bc3 Rc8 {Strongly threatening ...d4!} 18. Qb1 d4 19. exd4 c4 20. Bc2 Bxf3 21. gxf3 Nd5 22. Rfe1 Rxe1+ 23. Rxe1 N7f6 24. Bd2 Nf4 25. Bxf4 Bxf4 26. Rd1 Rb8 27. d5 c3 ({Wrong is} 27... Nxd5 $2 28. Be4 $18) 28. b3 (28. Bb3 $15) 28... Bd2 $19 29. Ne4 $2 {[#]} (29. Be4 $17 {was called for.}) 29... Nxd5 30. Kh1 Qa5 31. b4 $2 (31. Bd3) 31... Rxb4 32. Bb3 Nf4 33. Qc2 Rd4 34. Nxd2 (34. Ng3 $142) 34... cxd2 (34... Rxd2 $142 35. Bxf7+ Kxf7 36. Rxd2 cxd2 37. Qc4+ Nd5) 35. Qc8+ Rd8 36. Qb7 Qg5 {[%csl Gf4][%cal Rg5g2] Black mates.} 37. Qxf7+ Kh8 {[%csl Gf4][%cal Rg5g2]} 38. Rg1 {[#]} Qxg1+ $1 {[%mdl 576] Remove Defender, Back Rank, Promotion. Accuracy: White = 33%, Black = 67%.} 0-1

[Event "IIFL Wealth 4th Mumbai GM"]
[Site "Mumbai"]
[Date "2018.12.30"]
[Round "1"]
[White "Rakshitta Ravi"]
[Black "Manik, Mikulas"]
[Result "0-1"]
[WhiteElo "2141"]
[BlackElo "2410"]
[Annotator "TA"]
[PlyCount "76"]
[EventDate "2018.12.30"]
[EventType "swiss"]
[EventCountry "IND"]
[SourceTitle "playchess.com"]
[Source "ChessBase"]
[SourceQuality "1"]

{[%evp 21,76,0,0,-4,0,0,-7,-36,-42,-46,-29,-37,-6,0,-7,0,0,-7,0,-100,-97,-101,-82,-137,-139,-147,-162,-154,-100,-182,-99,-146,-141,-170,-129,-352,-351,-351,-341,-344,-343,-347,-335,-357,-248,-398,-285,-284,-287,-371,-371,-673,-661,-762,-759,-734,-730]} 1. e4 c5 2. Nf3 d6 3. d4 cxd4 4. Nxd4 Nf6 5. Nc3 a6 6. Bg5 Nbd7 7. Qe2 {B94: Sicilian Najdorf: 6 Bg5 Nbd7} h6 8. Bh4 Qc7 9. O-O-O b5 10. Nd5 Nxd5 11. exd5 Nb6 {LiveBook: 4 Games} 12. g4 $146 ({Predecessor:} 12. Bg3 Bb7 13. Nf5 Rd8 14. Ne3 g6 {0-1 (35) Alsina Leal,D (2536)-Cheparinov,I (2710) Leon 2012}) 12... Qc4 13. Qxc4 bxc4 14. h3 Bb7 15. Nc6 Rc8 16. Bg2 Bxc6 17. dxc6 e6 18. f4 d5 19. Rhe1 Rxc6 20. Bxd5 (20. f5 $1 $11 {keeps the balance.}) 20... Nxd5 $17 21. Rxd5 {[%csl Gh4][%cal Rd5d8]} Be7 22. Bxe7 ({Better is} 22. Rh5) 22... exd5 {[%mdl 4096] Endgame KRR-KRB} 23. Bf6+ Kf8 24. Bc3 Kg8 ({Black should try} 24... Re6 {aiming for ...Rxe1+.} 25. Rd1 Kg8 26. Rxd5 Re3) 25. Re7 (25. f5 $17 {was called for.}) 25... f6 (25... Re6 $19 26. Ra7 Re3 27. Rxa6 Rxh3 28. Ra8+ Kh7 29. Rxh8+ Kxh8) 26. h4 Kh7 27. f5 Rd8 28. g5 $2 (28. Bd4 $17) 28... hxg5 $19 29. hxg5 {[#] and if Bxf6 works, White does fine.} d4 $1 {[%cal Rd4c3]} ({Weaker is} 29... fxg5 30. Bxg7 Rg8 31. Bd4+ Kh6 32. Kd2 $17) 30. g6+ {[#]} Kh6 $1 31. Bd2+ Kh5 32. Rxg7 Kg4 33. Rf7 (33. Ba5 {is a better defense.} Re8 34. Rd7) 33... Kxf5 34. g7 {Hoping for Rf8.} Rg8 35. Rd7 {If White can now play Bb4 this consolidates a bit.} c3 36. Be1 $2 (36. bxc3 dxc3 37. Be1) 36... Re6 {[%cal Re6e1] Black is clearly winning.} 37. Bf2 Re2 38. Bh4 Rh2 {Accuracy: White = 26%, Black = 73%.} 0-1

[Event "IIFL Wealth 4th Mumbai GM"]
[Site "Mumbai"]
[Date "2018.12.30"]
[Round "1"]
[White "Snehal, Bhosale"]
[Black "Rajesh, V A V"]
[Result "1/2-1/2"]
[WhiteElo "2135"]
[BlackElo "2402"]
[Annotator "NA"]
[PlyCount "97"]
[EventDate "2018.12.30"]
[EventType "swiss"]
[EventCountry "IND"]
[SourceTitle "playchess.com"]
[Source "ChessBase"]
[SourceQuality "1"]
[TimeControl "40/5400+30:1800+30"]

1. d4 {[%emt 0:00:00]} Nf6 {[%emt 0:00:00]} 2. c4 {[%emt 0:00:00]} g6 {[%emt 0:00:05]} 3. Nc3 {[%emt 0:00:01]} d5 {[%emt 0:00:15]} 4. cxd5 {[%emt 0:00:58]} Nxd5 {[%emt 0:00:05]} 5. Bd2 {[%emt 0:00:15]} Bg7 {[%emt 0:00:39]} 6. e4 {[%emt 0:00:14]} Nb6 {[%emt 0:00:14]} 7. Be3 {[%emt 0:00:35]} O-O {[%emt 0:03:56]} 8. f4 {[%emt 0:00:25]} f5 {[%emt 0:03:14]} 9. Qb3+ {[%emt 0:09:42]} Kh8 {[%emt 0:00:20]} 10. e5 {[%emt 0:01:35]} e6 {[%emt 0:00:32]} 11. Nf3 {[%emt 0:22:41]} Nc6 {[%emt 0:00:18]} 12. Rc1 {[%emt 0:00:20]} a5 {[%emt 0:01:53]} 13. Bb5 {[%emt 0:07:38]} Ne7 {[%emt 0:04:50]} 14. O-O {[%emt 0:00:50]} c6 {[%emt 0:06:34]} 15. Be2 {[%emt 0:03:03]} a4 {[%emt 0:01:13]} 16. Qc2 {[%emt 0:04:05]} Bd7 {[%emt 0:00:55]} 17. Ne1 {[%emt 0:05:11]} Nbd5 {[%emt 0:01:00]} 18. Rf3 {[%emt 0:08:07]} Nxe3 {[%emt 0:03:21]} 19. Rxe3 {[%emt 0:00:04]} Qb6 {[%emt 0:00:10]} 20. Kh1 {[%emt 0:03:45]} Rfd8 {[%emt 0:00:57]} 21. Rd1 {[%emt 0:05:10]} Nd5 {[%emt 0:02:21]} 22. Rf3 {[%emt 0:03:45]} Nb4 {[%emt 0:04:21]} 23. Qd2 {[%emt 0:02:33]} Be8 {[%emt 0:00:41]} 24. Bc4 {[%emt 0:01:10]} Nd5 {[%emt 0:04:24]} 25. Rh3 {[%emt 0:01:35]} h6 {[%emt 0:12:21]} 26. a3 {[%emt 0:01:18]} Bf7 {[%emt 0:00:55]} 27. Qf2 {[%emt 0:01:57]} Kg8 {[%emt 0:02:50]} 28. Nd3 {[%emt 0:01:12]} Bf8 {[%emt 0:00:35]} 29. Ba2 {[%emt 0:01:43]} h5 {[%emt 0:15:03]} 30. Rb1 {[%emt 0:04:41]} Ra5 {[%emt 0:04:38]} 31. Ne2 {[%emt 0:02:00]} Be7 {[%emt 0:01:39]} 32. Rc1 {[%emt 0:00:36]} Kf8 {[%emt 0:01:46]} 33. Ng1 {[%emt 0:02:09]} Nc7 {[%emt 0:03:37]} 34. Nc5 {[%emt 0:01:56]} Rb5 {[%emt 0:05:53]} 35. Rc2 {[%emt 0:05:06]} Bxc5 {[%emt 0:03:45]} 36. dxc5 {[%emt 0:00:05]} Qa5 {[%emt 0:00:09]} 37. Rhc3 {[%emt 0:00:17]} Rd1 {[%emt 0:06:08]} 38. Rd2 {[%emt 0:01:42]} Ra1 {[%emt 0:00:36]} 39. Rd8+ {[%emt 0:00:28]} Ne8 {[%emt 0:00:07]} 40. Qd4 {[%emt 0:00:00]} Rxa2 {[%emt 0:00:00]} 41. Qd6+ {[%emt 0:05:16]} Kg7 {[%emt 0:05:13]} 42. Rxe8 {[%emt 0:08:23]} Bxe8 {[%emt 0:00:07]} 43. Qe7+ {[%emt 0:00:06]} Bf7 {[%emt 0:00:50]} 44. Rd3 {[%emt 0:00:16]} Ra1 {[%emt 0:01:35]} 45. h4 {[%emt 0:00:47]} Rxb2 {[%emt 0:04:21]} 46. Qf6+ {[%emt 0:14:01]} Kg8 {[%emt 0:00:08]} 47. Rd8+ {[%emt 0:00:04]} Qxd8 {[%emt 0:00:11]} 48. Qxd8+ {[%emt 0:00:04]} Kg7 {[%emt 0:00:07]} 49. Kh2 {[%emt 0:02:45]} 1/2-1/2

[Event "IIFL Wealth 4th Mumbai GM"]
[Site "Mumbai"]
[Date "2018.12.30"]
[Round "1"]
[White "Soham Datar"]
[Black "Ravi, Teja S."]
[Result "1/2-1/2"]
[WhiteElo "2134"]
[BlackElo "2396"]
[Annotator "NA"]
[PlyCount "67"]
[EventDate "2018.12.30"]
[EventType "swiss"]
[EventCountry "IND"]
[SourceTitle "playchess.com"]
[Source "ChessBase"]
[SourceQuality "1"]
[TimeControl "40/5400+30:1800+30"]

1. Nf3 d5 2. c4 d4 3. b4 f6 4. Na3 e5 5. Nc2 Be6 6. d3 c5 7. bxc5 Bxc5 8. g3 Nc6 9. Bg2 Nge7 10. O-O O-O 11. Rb1 Qd7 12. Nd2 f5 13. Ba3 Bxa3 14. Nxa3 a6 15. Rb6 Nc8 16. Rb1 N8e7 17. Rb6 Nc8 18. Rb1 N8e7 19. Rb6 Ra7 20. Rb2 b5 21. cxb5 axb5 22. Nxb5 Rxa2 23. Rxa2 Bxa2 24. Qa4 Bd5 25. Bxd5+ Qxd5 26. Na7 Nxa7 27. Qxa7 Nc8 28. Qc7 Nd6 29. Qd7 Rf7 30. Qd8+ Rf8 31. Qd7 Rf7 32. Qd8+ Rf8 33. Qd7 Rf7 34. Qd8+ 1/2-1/2